highest grossing r rated films - Statistics

General Stats
  • This quiz has been taken 35 times
    12 since last reset
  • The average score is 4 of 14
Answer Stats
Hint Answer % Correct
782.6 million deadpool
100%
785.8 million deadpool 2
73%
1.3B deadpool and wolverine
64%
1.074 billion joker
55%
701.8 million it
27%
953.8 million oppenheimer
27%
619.2 million logan
18%
547.4 million american sniper
9%
473. 1 million it chapter two
9%
403.4 million Prometheus
9%
741.8 million the matrix reloaded
9%
350 million alien romulus
0%
440.1 million john wick chapter four
0%
380 million mad max fury road
0%
No matching quizzes found
Score Distribution
Percent of People with Each Score
Percentile by Number Answered
Your Score History
You have not taken this quiz since the last reset